000687619 001__ 687619 000687619 005__ 20251105075408.0 000687619 0247_ $$2DOI$$a10.3238/arztebl.2016.0575 000687619 0247_ $$2HSB$$aeva26054 000687619 0247_ $$2ISSN$$a1866-0452 000687619 0247_ $$2SCOPUS$$aSCOPUS:2-s2.0-84988359650 000687619 0247_ $$2WOS$$aWOS:000384747100001 000687619 0247_ $$2pmid$$apmid:27658470 000687619 037__ $$aRWTH-CONV-213170 000687619 041__ $$aEnglish 000687619 1001_ $$aMaegele, Marc$$b0$$eCorresponding author 000687619 245__ $$aDirect Oral Anticoagulants in Emergency Trauma Admissions$$honline 000687619 260__ $$aKöln$$bDt. Ärzte-Verl.$$c2016 000687619 3367_ $$00$$2EndNote$$aJournal Article 000687619 3367_ $$0PUB:(DE-HGF)16$$2PUB:(DE-HGF)$$aJournal Article$$bjournal$$mjournal$$xReview Article 000687619 3367_ $$2BibTeX$$aARTICLE 000687619 3367_ $$2DRIVER$$aarticle 000687619 3367_ $$2DataCite$$aOutput Types/Journal article 000687619 3367_ $$2ORCID$$aJOURNAL_ARTICLE 000687619 591__ $$aAustria 000687619 591__ $$aGermany 000687619 7001_ $$0P:(DE-82)IDM06276$$aGrottke, Oliver$$b1$$urwth 000687619 7001_ $$aSchöchl, Herbert$$b2 000687619 7001_ $$aSakowitz, Oliver A.$$b3 000687619 7001_ $$aSpannagl, Michael$$b4 000687619 7001_ $$aKoscielny, Jürgen$$b5 000687619 773__ $$0PERI:(DE-600)2406159-1$$a10.3238/arztebl.2016.0575$$n35/36$$p575-582$$tDeutsches Ärzteblatt international$$v113$$x1866-0452 000687619 909CO $$ooai:publications.rwth-aachen.de:687619$$pVDB 000687619 9101_ $$0I:(DE-588b)36225-6$$6P:(DE-82)IDM06276$$aRWTH Aachen$$b1$$kRWTH 000687619 9141_ $$y2016 000687619 9151_ $$0StatID:(DE-HGF)0031$$2StatID$$aPeer reviewed article$$x0 000687619 915__ $$0StatID:(DE-HGF)0100$$2StatID$$aJCR$$bDTSCH ARZTEBL INT : 2015 000687619 915__ $$0StatID:(DE-HGF)0111$$2StatID$$aWoS$$bScience Citation Index Expanded 000687619 915__ $$0StatID:(DE-HGF)0150$$2StatID$$aDBCoverage$$bWeb of Science Core Collection 000687619 915__ $$0StatID:(DE-HGF)0199$$2StatID$$aDBCoverage$$bThomson Reuters Master Journal List 000687619 915__ $$0StatID:(DE-HGF)0200$$2StatID$$aDBCoverage$$bSCOPUS 000687619 915__ $$0StatID:(DE-HGF)0300$$2StatID$$aDBCoverage$$bMedline 000687619 915__ $$0StatID:(DE-HGF)0310$$2StatID$$aDBCoverage$$bNCBI Molecular Biology Database 000687619 915__ $$0StatID:(DE-HGF)9900$$2StatID$$aIF < 5 000687619 9201_ $$0I:(DE-82)533000-2_20140620$$k533000-2$$lLehrstuhl für Anästhesiologie$$x0 000687619 961__ $$c2017-03-18$$x2017-03-30$$z2017-04-03 000687619 970__ $$aeva26054 000687619 980__ $$aI:(DE-82)533000-2_20140620 000687619 980__ $$aIMPORT 000687619 980__ $$aUNRESTRICTED 000687619 980__ $$aVDB 000687619 980__ $$ajournal